Представление документа в формате MARC21

Поле Инд. ПП Название Значение
Тип записи a
Библиографический уровень b
001 Контрольный номер RU/IS/BASE/268754896
005 Дата корректировки 20200601191436.9
008 Кодируемые данные 20080707
040 b Код языка каталог. rus
e Правила каталог. PSBO
041 0_ a Код языка текста rus
084 a Индекс другой классификации/Индекс ББК 82.3(4Рум)-43
100 1_ a Автор Прокофьева И. Н.
245 10 a Заглавие Румынская народная баллада "Миорица". История и судьба
504 a Библиография Библиогр.: с. 126
650 04 a Основная рубрика литературоведение
a Основная рубрика филологические науки; фольклор
653 1_ a Ключевые слова "Миорица"
a Ключевые слова баллады
a Ключевые слова народная поэзия
a Ключевые слова Румыния
a Ключевые слова румынская литература
a Ключевые слова фольклористика
a Ключевые слова эпос
773 08 t Заглавие источника Вестник Московского университета. Серия 9, Филология
d Дата издания источника 2007
g Прочая информация № 6. - С. 120 - 126
w Контрольный № источника RU/IS/BASE/261756589
901 t Тип документа b